[Event "4th Chennai Open"]
[Site "Chennai IND"]
[Date "2012.01.10"]
[Round "9"]
[White "Rahman, Ziaur"]
[Black "Shivananda, B.S."]
[Result "1/2-1/2"]
[WhiteTitle "GM"]
[BlackTitle "IM"]
[WhiteElo "2523"]
[BlackElo "2375"]
[WhiteFideId "10200037"]
[BlackFideId "5007038"]
[EventDate "2012.01.04"]

1. c4 c5 2. g3 Nc6 3. Bg2 g6 4. Nc3 Bg7 5. Nf3 e6 6. d3 Nge7 7. Bg5 h6 8. Bd2 d5
9. O-O O-O 10. Rb1 b6 11. a3 a5 12. Nb5 Na7 13. Nxa7 Rxa7 14. Qc1 Kh7 15. b4
cxb4 16. axb4 a4 17. Bc3 d4 18. Bb2 e5 19. b5 Be6 20. Ba3 Re8 21. Ne1 Qd7 22.
Nc2 Bh3 23. Nb4 Bxg2 24. Kxg2 h5 25. e4 f5 26. c5 bxc5 27. Na6 Bh6 28. Qc4 fxe4
29. dxe4 1/2-1/2

[Event "4th Chennai Open"]
[Site "Chennai IND"]
[Date "2012.01.10"]
[Round "9"]
[White "Mohota, Nisha"]
[Black "Ashwin, Jayaram"]
[Result "1/2-1/2"]
[WhiteTitle "IM"]
[BlackTitle "IM"]
[WhiteElo "2323"]
[BlackElo "2472"]
[WhiteFideId "5004330"]
[BlackFideId "5018137"]
[EventDate "2012.01.04"]

1. c4 Nf6 2. g3 c6 3. Nf3 g6 4. b3 Bg7 5. Bb2 O-O 6. Bg2 d5 7. O-O Re8 8. Qc2
Nbd7 9. Nc3 a6 10. d4 Nf8 11. e3 Bf5 12. Qe2 Ne4 13. Rfd1 Nxc3 14. Bxc3 Be4 15.
Rac1 Qd6 16. Ne1 Bxg2 17. Kxg2 Rac8 18. Nd3 Nd7 19. Nc5 Nxc5 20. dxc5 Qe6 21.
Bxg7 Kxg7 22. Rd4 Qf5 23. cxd5 cxd5 24. Qd2 e6 25. Rb4 Re7 26. Qd4+ Qf6 27. Rb6
Qxd4 28. exd4 Rc6 29. Rxc6 bxc6 30. f4 f6 31. Re1 Kf7 32. Kf3 Rb7 33. Ke3 h6 34.
h4 h5 35. Kd3 Ke7 36. Kc3 Kd7 37. Re3 1/2-1/2

[Event "4th Chennai Open"]
[Site "Chennai IND"]
[Date "2012.01.10"]
[Round "9"]
[White "Narayanan, S.L."]
[Black "Neelotpal, Das"]
[Result "0-1"]
[BlackTitle "GM"]
[WhiteElo "2320"]
[BlackElo "2471"]
[WhiteFideId "5058422"]
[BlackFideId "5003512"]
[EventDate "2012.01.04"]

1. e4 e5 2. Nf3 Nc6 3. Bb5 a6 4. Ba4 Nf6 5. Qe2 Be7 6. O-O b5 7. Bb3 O-O 8. c3
d5 9. d3 Bb7 10. Nbd2 Re8 11. a3 Bf8 12. Re1 h6 13. exd5 Nxd5 14. Ne4 Nb8 15. c4
bxc4 16. dxc4 Nf6 17. Bc2 Nc6 18. Bd2 Qe7 19. b4 Rad8 20. Nxf6+ Qxf6 21. Bc3 Nd4
22. Bxd4 exd4 23. Qd3 g6 24. c5 Bg7 25. Bb3 Bc8 26. Nd2 Bf5 27. Ne4 Bxe4 28.
Rxe4 Rxe4 29. Qxe4 d3 30. Rd1 d2 31. Kf1 Kf8 32. Qc2 Qf4 33. Qc4 Qxc4+ 34. Bxc4
Bb2 35. Ke2 Bxa3 36. Rxd2 Rxd2+ 37. Kxd2 Bxb4+ 38. Kd3 Bxc5 39. Bxa6 Bxf2 40.
Ke4 Ke7 41. Bc4 Bg1 42. h3 f5+ 43. Kd5 c5 44. g4 Kf6 45. gxf5 gxf5 46. Bd3 Bd4
47. Bc2 Kg5 48. Bd3 Be3 49. Bf1 Kh4 50. Ke5 f4 51. Kf5 Kg3 52. Ke4 Bc1 53. Kd5
Ba3 54. Ke4 f3 55. Ke3 Bb2 56. h4 Bd4+ 57. Ke4 f2 58. h5 Kh2 59. Kd3 Kg1 60. Ke2
c4 61. Bh3 0-1

[Event "4th Chennai Open"]
[Site "Chennai IND"]
[Date "2012.01.10"]
[Round "9"]
[White "Shashikant, Kutwal"]
[Black "Barua, Dibyendu"]
[Result "1-0"]
[BlackTitle "GM"]
[WhiteElo "2289"]
[BlackElo "2460"]
[WhiteFideId "5006520"]
[BlackFideId "5000025"]
[EventDate "2012.01.04"]

1. e4 e6 2. d4 b6 3. Nf3 Bb7 4. Bd3 d6 5. O-O Nd7 6. Re1 g6 7. a4 Bg7 8. a5 Ne7
9. a6 Bc8 10. Nc3 O-O 11. e5 d5 12. Bf4 c5 13. b3 Nc6 14. Qd2 cxd4 15. Nb5 f6
16. exf6 Nxf6 17. Bd6 Re8 18. Ne5 Nxe5 19. Bxe5 Ng4 20. Bxg7 Kxg7 21. h3 Nf6 22.
Qf4 Re7 23. Nxd4 Bd7 24. Qd6 Qe8 25. Re5 Qf7 26. Rae1 Rae8 27. Nf3 Nh5 28. Ng5
Qf6 29. Nxh7 Kxh7 30. Rxh5+ Kg7 31. Qg3 Rg8 32. Rg5 Be8 33. h4 Rh8 34. Ree5 Rh6
35. h5 1-0

[Event "4th Chennai Open"]
[Site "Chennai IND"]
[Date "2012.01.10"]
[Round "9"]
[White "Gagare, Shardul"]
[Black "Vaibhav, Suri"]
[Result "1/2-1/2"]
[WhiteTitle "FM"]
[BlackTitle "IM"]
[WhiteElo "2268"]
[BlackElo "2448"]
[WhiteFideId "5037883"]
[BlackFideId "5045185"]
[EventDate "2012.01.04"]

1. c4 Nf6 2. g3 e6 3. Bg2 d5 4. d4 dxc4 5. Nf3 a6 6. Ne5 Bb4+ 7. Nc3 Nd5 8. O-O
Nxc3 9. bxc3 Bxc3 10. Rb1 Qxd4 11. Qa4+ b5 12. Qa3 Qxe5 13. Bf4 Qf6 14. Bxc7 b4
15. Rxb4 Bxb4 16. Qxb4 a5 17. Qb5+ Bd7 18. Qxc4 Na6 19. Bxa8 Nxc7 20. Qxc7 Qd8
21. Qa7 Ba4 22. Rc1 O-O 23. Bf3 Qd2 24. Rc5 Qxa2 25. Rxa5 Qb1+ 26. Kg2 Bc2 27.
Qd4 Bg6 28. h4 h6 29. Ra7 Qb8 30. Rb7 Qd8 31. Qe5 Qf6 32. Qxf6 gxf6 33. Ra7 Kg7
34. Ra8 Rxa8 35. Bxa8 Bb1 36. Kf3 Ba2 37. e4 Bb3 38. Kf4 Kf8 39. Bc6 Bc2 40. Ke3
Ke7 41. Bb5 Bb3 42. f4 e5 43. Be2 Be6 44. Kf3 Kf8 45. Bb5 Ke7 46. Ba4 Bc8 47.
Bb3 Bd7 48. Bd5 Bc8 49. g4 Kf8 50. Kg3 Bd7 51. Kf3 Bc8 52. Kg3 1/2-1/2

[Event "4th Chennai Open"]
[Site "Chennai IND"]
[Date "2012.01.10"]
[Round "9"]
[White "Laxman, R.R."]
[Black "Konguvel, Ponnuswamy"]
[Result "1/2-1/2"]
[WhiteTitle "GM"]
[BlackTitle "IM"]
[WhiteElo "2434"]
[BlackElo "2344"]
[WhiteFideId "5005361"]
[BlackFideId "5000548"]
[EventDate "2012.01.04"]

1. Nf3 g6 2. e4 c5 3. Bc4 Nc6 4. c3 Bg7 5. d4 cxd4 6. cxd4 d6 7. Ng5 Nh6 8. d5
Ne5 9. Be2 O-O 10. Nc3 Qb6 11. Qb3 Nd7 12. Qxb6 axb6 13. h4 Nc5 14. Rb1 Ng4 15.
f3 Ne5 16. Be3 h6 17. Nh3 f5 18. Kd2 fxe4 19. fxe4 Ng4 20. Bxg4 Bxg4 21. Nf4
Bxc3+ 22. Kxc3 Nxe4+ 23. Kb4 Kh7 24. a4 Nc5 25. b3 Rxf4+ 26. Bxf4 Nd3+ 27. Kb5
Nxf4 28. Kxb6 Nxd5+ 29. Kxb7 Ra5 30. Rhe1 Kg7 31. Ra1 Kf6 32. b4 Nxb4 33. Re4
Nc2 34. Rf1+ Bf5 35. g4 d5 36. Re2 Nd4 37. Ra2 e5 38. gxf5 Nxf5 39. Kb6 Ra8 40.
a5 e4 41. a6 e3 42. Kb7 Re8 43. a7 d4 44. a8=Q Rxa8 45. Rxa8 d3 46. Rd8 d2 47.
Ra1 Ke5 48. Kb6 Nd4 49. Re8+ Ne6 50. Rg1 e2 51. Rxg6 d1=Q 52. Rgxe6+ Kf5 53.
Re5+ Kg4 54. Rxe2 Qd6+ 55. Kb5 Qd5+ 56. Kb4 Qb7+ 57. Kc3 Qc7+ 58. Kd2 Qa5+ 59.
Kd3 Qa3+ 60. Kd4 Qd6+ 61. Kc3 Kxh4 62. R8e5 1/2-1/2

[Event "4th Chennai Open"]
[Site "Chennai IND"]
[Date "2012.01.10"]
[Round "9"]
[White "Himanshu, Sharma"]
[Black "Phadke, Sohan"]
[Result "1-0"]
[WhiteTitle "IM"]
[WhiteElo "2408"]
[BlackElo "2290"]
[WhiteFideId "5007836"]
[BlackFideId "5016223"]
[EventDate "2012.01.04"]

1. e4 c5 2. f4 d5 3. exd5 Nf6 4. Bb5+ Bd7 5. Bxd7+ Qxd7 6. c4 e6 7. Qe2 Bd6 8.
d3 O-O 9. dxe6 fxe6 10. Nf3 Nc6 11. O-O Rae8 12. Nc3 e5 13. f5 Qxf5 14. Nh4 Qe6
15. Bg5 Nd4 16. Qd1 e4 17. Bxf6 Rxf6 18. Nxe4 Rh6 19. g3 g5 20. Nf3 Qh3 21. Qd2
Rxe4 22. dxe4 Bxg3 23. Qg2 Nxf3+ 24. Rxf3 Bxh2+ 25. Kf1 Qxg2+ 26. Kxg2 Bf4 27.
Rh1 Re6 28. Rd3 Re7 29. Kf3 Kg7 30. Rhd1 h5 31. Rd7 Kf6 32. Rxe7 Kxe7 33. b3 b6
34. Rh1 h4 35. Kg4 Ke6 36. Rd1 Ke5 37. Rd7 Kxe4 38. Rxa7 h3 39. Kxh3 Kf3 40. Rg7
Bc1 41. Rg6 Bf4 42. a4 Bd2 43. Rf6+ Bf4 44. Rxb6 g4+ 45. Kh4 Bg3+ 46. Kh5 Be5
47. Rg6 g3 48. Kh4 1-0

[Event "4th Chennai Open"]
[Site "Chennai IND"]
[Date "2012.01.11"]
[Round "10"]
[White "Aleksandrov, Aleksej"]
[Black "Akshayraj, Kore"]
[Result "1/2-1/2"]
[WhiteTitle "GM"]
[BlackTitle "IM"]
[WhiteElo "2612"]
[BlackElo "2386"]
[WhiteFideId "13500139"]
[BlackFideId "5012414"]
[EventDate "2012.01.04"]

1. d4 d5 2. c4 e6 3. Nc3 Be7 4. cxd5 exd5 5. Nf3 Nf6 6. Bf4 O-O 7. e3 c5 8. Be2
Nc6 9. dxc5 Bxc5 10. O-O Be6 11. Rc1 Rc8 12. a3 a6 13. Nb5 Ne4 14. Nbd4 Qb6 15.
Nxc6 Rxc6 16. b4 Be7 17. Qd4 Qxd4 18. Nxd4 Rxc1 19. Rxc1 Rc8 20. Rxc8+ Bxc8 21.
Bf3 Kf8 22. g4 Bh4 23. Bg3 Bf6 24. Kg2 Bd7 25. Bc7 Ke8 26. h3 Bh4 27. Be5 g6 28.
Ne2 Be6 29. Nf4 Kd7 30. Nd3 Nd2 31. Bd4 Nxf3 32. Kxf3 Be7 33. Ke2 Kc6 34. a4 Bc8
35. Ba7 Bf8 36. a5 1/2-1/2

[Event "4th Chennai Open"]
[Site "Chennai IND"]
[Date "2012.01.11"]
[Round "10"]
[White "Zeng, Chongsheng"]
[Black "Yu, Ruiyuan"]
[Result "0-1"]
[WhiteElo "2400"]
[BlackElo "2491"]
[WhiteFideId "8603847"]
[BlackFideId "8603090"]
[EventDate "2012.01.04"]

1. e4 c6 2. d4 d5 3. e5 Bf5 4. Nf3 e6 5. Be2 c5 6. Be3 Qb6 7. Nc3 Nc6 8. O-O
Qxb2 9. Qe1 c4 10. Rb1 Qxc2 11. Bd1 Qxb1 12. Nxb1 Bxb1 13. Ba4 Bd3 14. Qa5 Kd7
15. Rc1 Ne7 16. Ne1 Bg6 17. g4 Kc8 18. Qd2 a6 19. f4 b5 20. Bc2 Bxc2 21. Nxc2 a5
22. f5 b4 23. Bg5 h6 24. Bh4 h5 25. Ne3 hxg4 26. Bxe7 Nxe7 27. f6 gxf6 28. exf6
Nc6 29. Nxc4 dxc4 30. Rxc4 Kd7 31. Rxc6 Bd6 32. Rb6 Bxh2+ 33. Kf1 Bc7 34. Qg2
Bxb6 35. Qb7+ Bc7 36. d5 exd5 37. Qxd5+ Bd6 38. Qxf7+ Kc6 39. Qc4+ Kb6 40. a4
bxa3 41. Qb3+ Kc7 42. Qc4+ Kb6 43. Qb3+ Kc6 44. Qc4+ Bc5 45. Qe6+ Kc7 46. Qf7+
Kd6 47. Qe7+ Kd5 48. Qf7+ Kd4 49. Qd7+ Kc3 50. Qd5 Rac8 51. Qe5+ 0-1

[Event "4th Chennai Open"]
[Site "Chennai IND"]
[Date "2012.01.11"]
[Round "10"]
[White "Kravtsiv, Martyn"]
[Black "Venkatesh, M.R."]
[Result "1-0"]
[WhiteTitle "GM"]
[BlackTitle "IM"]
[WhiteElo "2602"]
[BlackElo "2499"]
[WhiteFideId "14113147"]
[BlackFideId "5005779"]
[EventDate "2012.01.04"]

1. e4 c5 2. Nf3 Nc6 3. d4 cxd4 4. Nxd4 Nf6 5. Nc3 e5 6. Ndb5 d6 7. Bg5 a6 8. Na3
b5 9. Nd5 Be7 10. Bxf6 Bxf6 11. c4 b4 12. Nc2 a5 13. g3 O-O 14. Bg2 Bg5 15. O-O
Be6 16. b3 Bxd5 17. Qxd5 Qb6 18. h4 Bh6 19. Bh3 Rfd8 20. Rfd1 Rab8 21. Kg2 Ne7
22. Qd3 g6 23. a3 Nc6 24. axb4 Nxb4 25. Nxb4 Qxb4 26. Qd5 Qxb3 27. Rxa5 Qc2 28.
Rd3 Rb1 29. Rf3 Bf4 30. Kh2 Rd1 31. Qc6 Be3 32. Qc7 Rf8 33. Ra8 Bf4 34. Rxf8+
Kxf8 35. gxf4 Qxe4 36. Bg2 exf4 37. c5 dxc5 38. Qxc5+ Kg7 39. Qc3+ Qd4 40. Qc7
Qd6 41. Qxd6 Rxd6 42. Rxf4 h6 43. Rc4 f5 44. Rc7+ Kf6 45. Rc6 Rxc6 46. Bxc6 g5
47. Kg3 Ke5 48. h5 Kf6 49. Bd7 Ke5 50. f3 Kf6 51. Kf2 Ke5 52. Ke3 Kf6 53. Kd4 g4
54. f4 1-0

[Event "4th Chennai Open"]
[Site "Chennai IND"]
[Date "2012.01.11"]
[Round "10"]
[White "Oleksienko, Mikhailo"]
[Black "Karthikeyan, P."]
[Result "1/2-1/2"]
[WhiteTitle "GM"]
[BlackTitle "IM"]
[WhiteElo "2563"]
[BlackElo "2402"]
[WhiteFideId "4152417"]
[BlackFideId "5018226"]
[EventDate "2012.01.04"]

1. e4 e6 2. d4 d5 3. Nd2 Nf6 4. e5 Nfd7 5. Bd3 c5 6. c3 Nc6 7. Ne2 cxd4 8. cxd4
f6 9. exf6 Nxf6 10. Nf3 Bd6 11. O-O Qc7 12. Bg5 O-O 13. Rc1 Bd7 14. a3 Be8 15.
Ng3 h6 16. Bd2 Qb6 17. Bc3 Nh5 18. Re1 Nf4 19. Bb1 Rd8 20. Qd2 Rd7 21. b4 g5 22.
Ne5 Rg7 23. Nxc6 Qxc6 24. Bb2 Qd7 25. Rc3 Qf7 26. Rc8 h5 27. Qe3 h4 28. Ne2 Bd7
29. Rxf8+ Qxf8 30. Nxf4 gxf4 31. Qf3 Qf6 32. Bd3 Rg5 33. h3 1/2-1/2

[Event "4th Chennai Open"]
[Site "Chennai IND"]
[Date "2012.01.11"]
[Round "10"]
[White "Praveen Kumar, C."]
[Black "Ma, Qun"]
[Result "0-1"]
[WhiteTitle "IM"]
[WhiteElo "2338"]
[BlackElo "2475"]
[WhiteFideId "5007372"]
[BlackFideId "8603154"]
[EventDate "2012.01.04"]

1. d4 d5 2. c4 c6 3. Nf3 Nf6 4. e3 Bf5 5. Nc3 e6 6. Nh4 Bg6 7. Be2 Nbd7 8. O-O
Bd6 9. g3 O-O 10. Nxg6 hxg6 11. Qb3 Rb8 12. Rd1 a6 13. Qc2 Qe7 14. c5 Bc7 15. f4
Ba5 16. Bd2 Bxc3 17. Bxc3 Ne4 18. Be1 g5 19. Bd3 f5 20. Qg2 Ndf6 21. h3 Kf7 22.
g4 gxf4 23. exf4 Rh8 24. g5 Nh5 25. Qf1 Qc7 26. Bxe4 fxe4 27. f5 Rbf8 28. fxe6+
Kg6 29. Qg2 Nf4 0-1

[Event "4th Chennai Open"]
[Site "Chennai IND"]
[Date "2012.01.11"]
[Round "10"]
[White "Neelotpal, Das"]
[Black "Vishnu Prasanna, V"]
[Result "0-1"]
[WhiteTitle "GM"]
[BlackTitle "IM"]
[WhiteElo "2471"]
[BlackElo "2392"]
[WhiteFideId "5003512"]
[BlackFideId "5030692"]
[EventDate "2012.01.04"]

1. d4 Nf6 2. c4 g6 3. Nc3 Bg7 4. e4 d6 5. f3 O-O 6. Nge2 c5 7. d5 e6 8. Ng3 exd5
9. cxd5 h5 10. Be2 Nh7 11. Be3 a6 12. a4 h4 13. Nf1 f5 14. Nd2 Nd7 15. Nc4 f4
16. Bf2 Ne5 17. O-O Rb8 18. Kh1 g5 19. Qb3 h3 20. g3 Kh8 21. gxf4 gxf4 22. Rg1
Nxc4 23. Qxc4 Bd7 24. a5 Be5 25. b4 cxb4 26. Qxb4 Qf6 27. Rac1 Rg8 28. Na4 Rxg1+
29. Rxg1 Rg8 30. Rxg8+ Kxg8 31. Nb6 Qg6 32. Bf1 Qh5 33. Qb3 Bb5 34. Nc4 Ng5 35.
Nxe5 Bxf1 36. Ng4 Bg2+ 37. Kg1 Qg6 38. Ne5 dxe5 39. d6+ Kh8 0-1

[Event "4th Chennai Open"]
[Site "Chennai IND"]
[Date "2012.01.11"]
[Round "10"]
[White "Mohota, Nisha"]
[Black "Rahman, Ziaur"]
[Result "0-1"]
[WhiteTitle "IM"]
[BlackTitle "GM"]
[WhiteElo "2323"]
[BlackElo "2523"]
[WhiteFideId "5004330"]
[BlackFideId "10200037"]
[EventDate "2012.01.04"]

1. d4 e6 2. c4 d5 3. Nf3 c6 4. Qc2 Bd6 5. Bg5 Ne7 6. e3 h6 7. Bh4 Qa5+ 8. Nbd2
Nf5 9. Bg3 Nxg3 10. hxg3 Nd7 11. a3 e5 12. cxd5 cxd5 13. dxe5 Nxe5 14. Nxe5 Bxe5
15. Rh5 g5 16. Be2 Bd7 17. f4 Rc8 18. Qb3 Bd6 19. Qd3 Kd8 20. fxg5 Bxg3+ 21. Kf1
Qb6 22. Rd1 Kc7 23. Qxd5 Bc6 24. Nc4 Qb3 25. Qa5+ Kb8 26. Rh3 Bc7 27. Qf5 hxg5
28. Na5 Qa4 29. Nxc6+ Qxc6 30. Rxh8 Rxh8 31. Kf2 a6 32. Bf3 Qb6 33. b4 Re8 34.
Qc5 Qe6 35. Qxg5 f5 36. Rd2 f4 37. e4 Qb3 38. Qc5 Re6 39. Ke2 Rc6 40. Qd5 Qe3+
41. Kf1 Bb6 42. Qg8+ Ka7 43. Qa2 Qg1+ 44. Ke2 Qf2+ 0-1

[Event "4th Chennai Open"]
[Site "Chennai IND"]
[Date "2012.01.11"]
[Round "10"]
[White "Vaibhav, Suri"]
[Black "Sagar, Shah"]
[Result "1-0"]
[WhiteTitle "IM"]
[WhiteElo "2448"]
[BlackElo "2298"]
[WhiteFideId "5045185"]
[BlackFideId "5022509"]
[EventDate "2012.01.04"]

1. e4 c6 2. d4 d5 3. Nc3 dxe4 4. Nxe4 Bf5 5. Ng3 Bg6 6. h4 h6 7. Nf3 Nd7 8. h5
Bh7 9. Bd3 Bxd3 10. Qxd3 e6 11. Bd2 Ngf6 12. O-O-O Be7 13. Kb1 O-O 14. Ne4 Nxe4
15. Qxe4 Nf6 16. Qe2 Qd5 17. Ne5 Qe4 18. Qxe4 Nxe4 19. Be1 c5 20. f3 Nf6 21. Bf2
cxd4 22. Bxd4 Rfc8 23. c4 Bd6 24. b3 Bxe5 25. Bxe5 Rc5 26. f4 b5 27. cxb5 Rxb5
28. Rd2 a5 29. Rh3 Ng4 30. a4 Rb4 31. Bc7 Ra7 32. Rc2 Nf6 33. Be5 Nd5 34. Rf3
Re4 35. Kb2 f6 36. Bd6 Rd7 37. Bc5 Nxf4 38. Bb6 Nd3+ 39. Ka3 Re5 40. Rd2 Red5
41. Re3 Nf4 42. Rxd5 Rxd5 43. g4 f5 44. Bc7 Nd3 45. gxf5 exf5 46. Bxa5 f4 47.
Rh3 Rxa5 48. Rxd3 Rxh5 49. b4 Rf5 50. b5 f3 51. Rd1 g5 52. b6 Rf8 53. a5 g4 54.
b7 f2 55. a6 g3 56. a7 g2 57. b8=Q f1=Q 58. a8=Q Qf7 59. Qxg2+ Kh8 60. Qe5+ 1-0

[Event "4th Chennai Open"]
[Site "Chennai IND"]
[Date "2012.01.11"]
[Round "10"]
[White "Ravi, Teja S."]
[Black "Laxman, R.R."]
[Result "0-1"]
[BlackTitle "GM"]
[WhiteElo "2283"]
[BlackElo "2434"]
[WhiteFideId "5017220"]
[BlackFideId "5005361"]
[EventDate "2012.01.04"]

1. d4 Nf6 2. c4 e6 3. Nc3 Bb4 4. Qc2 d5 5. cxd5 exd5 6. Bg5 h6 7. Bxf6 Qxf6 8.
a3 Bxc3+ 9. Qxc3 c6 10. e3 O-O 11. Ne2 Re8 12. Ng3 Nd7 13. b4 g6 14. Bd3 h5 15.
Ne2 h4 16. h3 a6 17. Rg1 Qg5 18. g4 Qf6 19. Nc1 Nf8 20. Be2 Nh7 21. f4 Qe7 22.
Kf2 a5 23. bxa5 Rxa5 24. Ra2 Ra4 25. Bf3 Bd7 26. Re1 Rea8 27. e4 dxe4 28. Rxe4
Qd8 29. Bd1 Nf6 30. Re5 R4a5 31. Qb4 Rxe5 32. dxe5 Be6 33. Bb3 c5 34. Qe1 c4 35.
Bc2 Nd5 36. f5 Qb6+ 37. Kf3 Bd7 38. Qf2 Qa5 39. Kg2 Qc3 40. Ne2 Qxe5 41. Bb1 g5
42. Qd4 Qxd4 43. Nxd4 Nc3 44. Rb2 b5 45. Nc2 Bc6+ 46. Kf1 Be4 47. Ba2 Bxc2 48.
Rxc2 Rxa3 0-1

[Event "4th Chennai Open"]
[Site "Chennai IND"]
[Date "2012.01.11"]
[Round "10"]
[White "Rathnakaran, K."]
[Black "Gagare, Shardul"]
[Result "0-1"]
[WhiteTitle "IM"]
[BlackTitle "FM"]
[WhiteElo "2403"]
[BlackElo "2268"]
[WhiteFideId "5005507"]
[BlackFideId "5037883"]
[EventDate "2012.01.04"]

1. e4 c6 2. Nf3 d5 3. Nc3 Bg4 4. h3 Bxf3 5. Qxf3 e6 6. exd5 cxd5 7. Bb5+ Nc6 8.
O-O a6 9. Bxc6+ bxc6 10. d4 Bd6 11. Bf4 Ne7 12. Na4 O-O 13. b3 Nf5 14. Bxd6 Nxd6
15. Nc5 Qe7 16. Rfe1 Nb7 17. Nxb7 Qxb7 18. Re3 Rfc8 19. Rc3 Qb4 20. Qe3 c5 21.
Rd1 c4 22. a3 Qb5 23. b4 a5 24. Rb1 Rcb8 25. Qd2 axb4 26. Rxb4 Qe8 27. Rg3 Rxb4
28. axb4 f6 29. c3 e5 30. Re3 e4 31. Re1 Ra3 32. Rb1 Qa4 33. Kh2 g5 34. Rb2 Kg7
35. g3 Kg6 36. h4 h6 37. g4 Rb3 38. h5+ Kf7 39. Ra2 Ra3 40. Rxa3 Qxa3 41. f3
exf3 42. Kg3 Qa1 43. Kxf3 Qf1+ 44. Qf2 Qh3+ 45. Qg3 Qf1+ 46. Ke3 Ke6 47. Qf3
Qe1+ 48. Qe2 Qxc3+ 49. Kf2+ Kd7 50. Qd1 Qb2+ 51. Kf1 Kc7 52. Qa4 Qxd4 53. Qa5+
Kd6 54. Qd8+ Ke5 55. Qc7+ Ke4 56. Qh7+ Ke3 57. Qe7+ Kd3 58. Qe2+ Kc3 59. b5 Kb4
60. b6 Qxb6 61. Qb2+ Kc5 62. Qf2+ Kb5 63. Qb2+ Ka6 64. Qa3+ Kb7 65. Qe7+ Qc7 66.
Qb4+ Kc6 67. Qa4+ Kd6 68. Qa3+ Ke6 69. Qa6+ Ke5 70. Qa1+ c3 71. Qe1+ Kd6 72. Kg2
c2 0-1

[Event "4th Chennai Open"]
[Site "Chennai IND"]
[Date "2012.01.11"]
[Round "10"]
[White "Gokhale, Chandrashekhar"]
[Black "Ravichandran, Siddharth"]
[Result "1/2-1/2"]
[WhiteTitle "IM"]
[BlackTitle "IM"]
[WhiteElo "2230"]
[BlackElo "2398"]
[WhiteFideId "5001315"]
[BlackFideId "5010535"]
[EventDate "2012.01.04"]

1. Nf3 c5 2. g3 b6 3. Bg2 Bb7 4. O-O Nf6 5. d3 d5 6. Nbd2 g6 7. c3 Bg7 8. Qa4+
Nc6 9. Ne5 Qc7 10. Nxc6 Bxc6 11. Qc2 O-O 12. a4 Rfd8 13. e4 dxe4 14. Nxe4 Ng4
15. Bf4 Qb7 16. Qb3 Qd7 17. a5 b5 18. Nxc5 Qc8 19. Qb4 Bxg2 20. Kxg2 Qc6+ 21. f3
Nf6 22. Ne4 Nd5 23. Qc5 Qxc5 24. Nxc5 Rac8 25. d4 e5 26. Bg5 Re8 27. Rad1 1/2-1/2

[Event "4th Chennai Open"]
[Site "Chennai IND"]
[Date "2012.01.11"]
[Round "10"]
[White "Ashwath, R."]
[Black "Debashis, Das"]
[Result "1/2-1/2"]
[BlackTitle "IM"]
[WhiteElo "2249"]
[BlackElo "2389"]
[WhiteFideId "5021049"]
[BlackFideId "5024854"]
[EventDate "2012.01.04"]

1. d4 Nf6 2. Nf3 e6 3. c4 d5 4. e3 c6 5. Nbd2 c5 6. cxd5 exd5 7. Be2 Nc6 8. O-O
Bd6 9. dxc5 Bxc5 10. b3 O-O 11. Bb2 Re8 12. a3 a5 13. Re1 Bg4 14. Nf1 Ne4 15.
Ng3 Nxf2 16. Kxf2 Bxe3+ 17. Kf1 Ba7 18. Qd2 Qb6 19. Nd4 Nxd4 20. Qxd4 Qxd4 21.
Bxd4 Bxd4 22. Bxg4 Bxa1 23. Rxa1 Re3 24. Rb1 g6 25. Bf3 Rd8 26. Kf2 Rc3 27. Ne2
Rc2 1/2-1/2

[Event "4th Chennai Open"]
[Site "Chennai IND"]
[Date "2012.01.12"]
[Round "11"]
[White "Akshayraj, Kore"]
[Black "Kravtsiv, Martyn"]
[Result "1/2-1/2"]
[WhiteTitle "IM"]
[BlackTitle "GM"]
[WhiteElo "2386"]
[BlackElo "2602"]
[WhiteFideId "5012414"]
[BlackFideId "14113147"]
[EventDate "2012.01.04"]

1. d4 Nf6 2. c4 e6 3. Nc3 Bb4 4. e3 O-O 5. Bd3 d5 6. Nf3 c5 7. O-O dxc4 8. Bxc4
Nbd7 9. Qe2 cxd4 10. exd4 a6 11. a4 Nb6 12. Bb3 Bd7 13. Bg5 Be7 14. Rfe1 Bc6 15.
Ne5 Nbd5 16. Rad1 h6 17. Bc1 Rc8 18. Rd3 Nxc3 19. bxc3 Be4 20. Rg3 Kh7 21. Nxf7
Rxf7 22. Bxe6 Rf8 23. Bxc8 Qxc8 24. Re3 Kh8 25. f3 Nd5 26. fxe4 Nxe3 27. Qxe3
Qc4 28. Qg3 Qxa4 29. Bf4 Qc2 30. h3 a5 31. Kh2 Rf7 32. d5 Bc5 33. Qg4 Qxc3 34.
Rc1 Qa3 35. Qc8+ Kh7 36. Qxc5 Qxc5 37. Rxc5 Rxf4 38. e5 a4 39. e6 Re4 40. Rc7 a3
41. Rxb7 Re5 42. e7 a2 43. Ra7 Rxe7 44. Rxa2 Rd7 45. Rd2 Kg6 46. Kg3 Kf5 47. h4
h5 48. d6 g6 49. Kf3 Ke5 50. Re2+ Kf6 51. Rd2 Ke5 52. Re2+ Kf6 53. Rd2 Ke5 54.
g4 Rxd6 55. Rxd6 Kxd6 1/2-1/2

[Event "4th Chennai Open"]
[Site "Chennai IND"]
[Date "2012.01.12"]
[Round "11"]
[White "Karthikeyan, P."]
[Black "Deepan, Chakkravarthy J."]
[Result "1/2-1/2"]
[WhiteTitle "IM"]
[BlackTitle "GM"]
[WhiteElo "2402"]
[BlackElo "2495"]
[WhiteFideId "5018226"]
[BlackFideId "5011132"]
[EventDate "2012.01.04"]

1. d4 e6 2. c4 Nf6 3. Nc3 Bb4 4. Qc2 c5 5. dxc5 Bxc5 6. Nf3 O-O 7. Bg5 Be7 8. e4
d6 9. O-O-O Nbd7 10. Nb5 Ne8 11. Bxe7 Qxe7 12. Qd2 Ndf6 13. Bd3 a6 14. Nxd6 Qxd6
15. e5 Qc7 16. exf6 Nxf6 17. Kb1 b6 18. Rhe1 Bb7 19. Ne5 Rad8 20. f3 Ne4 21. Qf4
Nf6 22. Qd2 Ne4 23. Qf4 Nf6 24. Qd2 Ne4 25. Qf4 Nf6 1/2-1/2

[Event "4th Chennai Open"]
[Site "Chennai IND"]
[Date "2012.01.12"]
[Round "11"]
[White "Vishnu Prasanna, V"]
[Black "Zeng, Chongsheng"]
[Result "1/2-1/2"]
[WhiteTitle "IM"]
[WhiteElo "2392"]
[BlackElo "2400"]
[WhiteFideId "5030692"]
[BlackFideId "8603847"]
[EventDate "2012.01.04"]

1. c4 Nf6 2. g3 g6 3. Nc3 d5 4. cxd5 Nxd5 5. Bg2 Nb6 6. d3 Bg7 7. Be3 Nc6 8. Rc1
Nd4 9. Qd2 Nf5 10. Bc5 O-O 11. Nf3 c6 12. O-O Re8 13. Qc2 a5 14. b3 Nd4 15. Nxd4
Bxd4 16. Na4 Nxa4 17. bxa4 e5 18. Rb1 h5 19. Rb3 Bxc5 20. Qxc5 Qd4 21. Qa3 h4
22. Rc1 h3 23. Bf3 Bg4 24. e3 Qd7 25. Bh1 Rad8 26. Qb2 e4 27. d4 Qf5 28. Rc5 Rd5
29. Rxb7 Rxc5 30. dxc5 Rd8 31. Rb8 Rxb8 32. Qxb8+ Kh7 33. Qb1 Bf3 34. Bxf3 exf3
35. Qb3 Kg8 36. Qb8+ Kg7 37. Qb2+ Qf6 38. Qc1 Qf5 39. Qb2+ Kh7 40. Qb3 Qf6 41.
Qd1 Qc3 42. Kf1 Qc4+ 43. Ke1 Qb4+ 44. Kf1 Qxc5 45. Qxf3 Qc1+ 46. Ke2 Qc2+ 47.
Ke1 Qb1+ 48. Qd1 Qxa2 49. Qd7 Qb1+ 50. Ke2 Qc2+ 51. Kf3 Kg7 52. Qd4+ Kf8 53.
Qd8+ Kg7 54. Qd4+ Kf8 55. Qd8+ 1/2-1/2